00652nam a2200229 a 4500001001300000003000900013005001700022008004100039020001000080082001600090100002300106245002600129260003100155300000900186500003500195650002300230700002300253902000800276942000700284952011600291999001500407nice12345678IN_TiNIC20260116011452.0050524s1992 iraa grp 000 0 per  ac10000a492.78bHUS aHusain, Khan Mirza aMiftah-Lisan-al-arals aIran bNo Publisher c1992 a104p aincludes index and biblioraphy aArabic-Course Book1 aHusain, Khan Mirza bSRS cBK 001040708StackRoom-aHMIbHMId2008-09-17g100.00l0o492.78 HUSp00369r2008-09-17v100.00w2005-05-24yBK c1812d1812